Tussi - Yovngchimi, Dei V - Estadísticas

Estadísticas generales
  • Esta prueba ha sido intentada 50 veces
  • La puntuación promedio es 357 de 502
Estadísticas de respuestas
Letra % Correcto
a
100%
A
100%
Baby
95%
baby
95%
e
95%
en
95%
En
95%
V
95%
y
95%
Y
95%
ya
95%
bate
89%
de
89%
es
89%
Es
89%
ma
89%
un
89%
ve
89%
como
84%
Como
84%
cómo
84%
el
84%
El
84%
la
84%
La
84%
o
84%
por
84%
prepárate
84%
puta
84%
que
84%
Que
84%
quiere
84%
Quiere
84%
saque
84%
se
84%
Se
84%
ti
84%
trate
84%
voy
84%
Yo
84%
yo
84%
bellaca
79%
esa
79%
Esa
79%
lo
79%
me
79%
no
79%
pa
79%
pussy
79%
to
79%
79%
tu
79%
tussi
79%
boca
74%
exclusive
74%
Hoy
74%
las
74%
le
74%
Le
74%
los
74%
moja
74%
si
74%
sin
74%
una
74%
Una
74%
va
74%
apaga
68%
dice
68%
Está
68%
está
68%
luz
68%
music
68%
rosita
68%
sube
68%
toto
68%
caigo
63%
cama
63%
con
63%
eh
63%
Ella
63%
enrola
63%
escupa
63%
escupí
63%
eso
63%
hay
63%
late
63%
mojarte
63%
yeah
63%
algo
58%
Cuando
58%
cuando
58%
del
58%
ducha
58%
llama
58%
Mora
58%
motora
58%
rosa
58%
tocarla
58%
yate
58%
adentro
53%
alcohol
53%
atreve
53%
beauty
53%
booty
53%
Chinga
53%
desde
53%
ere
53%
hizo
53%
Lunay
53%
MODELITO
53%
nena
53%
Quiero
53%
rookie
53%
salgo
53%
teta
53%
venir
53%
verte
53%
Antes
47%
celosa
47%
Chingando
47%
chingando
47%
demon
47%
Demon
47%
hija
47%
mate
47%
McLaren
47%
muchas
47%
mujere
47%
negro
47%
otra
47%
par
47%
peleando
47%
putita
47%
siempre
47%
totito
47%
vámono
47%
vete
47%
Dei
42%
diablo
42%
diamante
42%
DM
42%
engancho
42%
escucha
42%
esnúa
42%
Gucci
42%
hacerlo
42%
Lambo
42%
matarlo
42%
palo
42%
Pero
42%
peso
42%
pide
42%
ponga
42%
pregunté
42%
prendemo
42%
quita
42%
Sabe
42%
sale
42%
soy
42%
Tengo
42%
carro
37%
conmigo
37%
cuchi
37%
fucha
37%
Moña
37%
noviecito
37%
Patek
37%
sushi
37%
Toma
37%
costearte
32%
crecía
32%
estás
32%
hookah
32%
paca
32%
quemar
32%
Sobran
32%
traigo
32%
hasta
26%
pantys
26%
ride
21%
munchies
11%
ah
5%
claro
0%
habla
0%
true
0%
No se encontraron pruebas coincidentes
Distribución de puntuación
Porcentaje de gente con cada puntuación
Porcentaje por número respondido
Historial de tus puntuaciones
No has intentado esta prueba.